000 00569nam a22002057a 4500
003 UA-OsUOA
001 12108
007 ta
008 20050429b un ||||| |||| 00| 0 ukr d
100 _aШабах Петр
942 _cSA
040 _aUA-OsUOA
_brus
_cUA-OsUOA
_dUA-OsUOA
245 _aВода с сиропом: Повесть. перевод Антона Ширяева
300 _aС.163-221
955 _a0
041 _arus
044 _aRU
773 0 _w0
_tИностранная литература
_dМ.
_d2005
_g№3
650 7 _aПовісті
_2UDC
999 _c298269
_d298269